Nanoscopic materials : (Record no. 2963)

MARC details
000 -LEADER
fixed length control field 01133cam a22003377a 4500
005 - DATE AND TIME OF LATEST TRANSACTION
control field 20260112063258.0
010 ## - LIBRARY OF CONGRESS CONTROL NUMBER
LC control number 2006-285054
015 ## - NATIONAL BIBLIOGRAPHY NUMBER
National bibliography number GBA677909
Source bnb
016 ## - NATIONAL BIBLIOGRAPHIC AGENCY CONTROL NUMBER
Record control number 013548882
Source Uk
020 ## - INTERNATIONAL STANDARD BOOK NUMBER
International Standard Book Number 085404857X (cased)
020 ## - INTERNATIONAL STANDARD BOOK NUMBER
International Standard Book Number 9780854048571
035 ## - SYSTEM CONTROL NUMBER
System control number (OCoLC)ocm71346503
035 ## - SYSTEM CONTROL NUMBER
System control number 14617575
039 #9 - LEVEL OF BIBLIOGRAPHIC CONTROL AND CODING DETAIL [OBSOLETE]
-- 201006230535
-- staff
050 ## - LIBRARY OF CONGRESS CALL NUMBER
Classification number QC176.8.N35
Item number R63 2006
082 ## - DEWEY DECIMAL CLASSIFICATION NUMBER
Classification number 620.5
Edition information 22
100 ## - MAIN ENTRY--PERSONAL NAME
Personal name Roduner, E.
Fuller form of name (Emil),
Dates associated with a name 1947-
245 ## - TITLE STATEMENT
Title Nanoscopic materials :
Remainder of title size-dependent phenomena /
Statement of responsibility, etc. Emil Roduner.
260 ## - PUBLICATION, DISTRIBUTION, ETC.
Place of publication, distribution, etc. Cambridge :
Name of publisher, distributor, etc. RSC Pub.,
Date of publication, distribution, etc. c2006.
300 ## - PHYSICAL DESCRIPTION
Extent xii, 285 p. :
Other physical details ill. (some col.) ;
Dimensions 24 cm.
440 ## - SERIES STATEMENT/ADDED ENTRY--TITLE
Title RSC nanoscience & nanotechnology
504 ## - BIBLIOGRAPHY, ETC. NOTE
Bibliography, etc. note Includes bibliographical references and index.
650 ## - SUBJECT ADDED ENTRY--TOPICAL TERM
Topical term or geographic name entry element Nanoscience.
650 ## - SUBJECT ADDED ENTRY--TOPICAL TERM
Topical term or geographic name entry element Nanotechnology.
710 ## - ADDED ENTRY--CORPORATE NAME
Corporate name or jurisdiction name as entry element Royal Society of Chemistry (Great Britain)
856 ## - ELECTRONIC LOCATION AND ACCESS
-- able of contents only
Uniform Resource Identifier <a href=" http://www.loc.gov/catdir/toc/fy0704/2006285054.html"> http://www.loc.gov/catdir/toc/fy0704/2006285054.html</a>
906 ## - LOCAL DATA ELEMENT F, LDF (RLIN)
a 7
b cbc
c copycat
d 2
e ncip
f 20
g y-gencatlg
925 ## -
-- acquire
-- 2 shelf copies
-- policy default
991 ## -
-- VIRTUA
909 ## -
-- 3333
Holdings
Withdrawn status Lost status Damaged status Not for loan Home library Current library Date acquired Total checkouts Full call number Barcode Copy number Koha item type
        Indian Institute Of Management, Shillong Indian Institute Of Management, Shillong 23/06/2010   620.5 003322 1 Book
Copyright © 2026 Indian Institute of Management Shillong. All Rights Reserved.